000 00451nam a2200181Ia 4500
001 20773
005 20260306172830.0
008 260306t2019||||xx |||||||||||||| ||spa||
041 _aESP
082 _a343.8
_bA69
100 _aArévalo Mogollón, Jorge Gabriel
_eAUT
245 0 _aCriterios de jurisprudencias tributarias
260 _c2019
300 _a640 páginas :
_c25 cm.
650 _aGEN
654 _aCDE
942 _cLIB
_dJUS
_fJUS
_2ddc
_n
999 _c20773
_d20773